000
00321 a2200109 4500
001
ART_12012
005
20260410161559.0
008
260409a
245
1
0
_a
Propuestas del Libro Verde.
100
1
_a
Casal, Armando Miguel
773
0
_t
Profesional & Empresaria
_g
- Año XIII, Nº 161 (feb. 2013)
_w
REV70
999
_c
9546
_d
9546